Nursing documentation : (Record no. 771)

000 -LEADER
fixed length control field 01400nam a22004337a 4500
001 - CONTROL NUMBER
control field 4895324
003 - CONTROL NUMBER IDENTIFIER
control field LIBRIS
005 - DATE AND TIME OF LATEST TRANSACTION
control field 20210422052846.0
008 - FIXED-LENGTH DATA ELEMENTS--GENERAL INFORMATION
fixed length control field 011211s1994 xxu 001 0 eng c
020 ## - INTERNATIONAL STANDARD BOOK NUMBER
International Standard Book Number 0397550103 ;
Terms of availability CIP rev.
040 ## - CATALOGING SOURCE
Original cataloging agency eng
Language of cataloging eng
Transcribing agency DLC
041 ## - LANGUAGE CODE
Language code of text/sound track or separate title eng
080 ## - UNIVERSAL DECIMAL CLASSIFICATION NUMBER
Universal Decimal Classification number 616-08
Item number E-29
082 ## - DEWEY DECIMAL CLASSIFICATION NUMBER
Classification number 610.73
Edition number 20
082 ## - DEWEY DECIMAL CLASSIFICATION NUMBER
Classification number 610.73
Edition number 20
084 ## - OTHER CLASSIFICATION NUMBER
Classification number Vpg
Number source kssb/6
084 ## - OTHER CLASSIFICATION NUMBER
Classification number Vpg
Number source kssb/6
100 1# - MAIN ENTRY--PERSONAL NAME
Personal name Eggland, Ellen Thomas
245 00 - TITLE STATEMENT
Title Nursing documentation :
Remainder of title charting, recording, and reporting /
Statement of responsibility, etc. / by: J. B. Lippincott Company
260 ## - PUBLICATION, DISTRIBUTION, ETC.
Place of publication, distribution, etc. Philadelphia :
Name of publisher, distributor, etc. J. B. Lippincott Company
Date of publication, distribution, etc. cop. 1994
300 ## - PHYSICAL DESCRIPTION
Extent xi, 260 p.
Dimensions 28 cm
650 #0 - SUBJECT ADDED ENTRY--TOPICAL TERM
Topical term or geographic name entry element Nursing records
650 #0 - SUBJECT ADDED ENTRY--TOPICAL TERM
Topical term or geographic name entry element Patient Care
9 (RLIN) 285
650 #0 - SUBJECT ADDED ENTRY--TOPICAL TERM
Topical term or geographic name entry element Communication in nursing
650 #0 - SUBJECT ADDED ENTRY--TOPICAL TERM
Topical term or geographic name entry element Documentation
General subdivision nurses' instruction
650 #0 - SUBJECT ADDED ENTRY--TOPICAL TERM
Topical term or geographic name entry element Nursing Care
650 #0 - SUBJECT ADDED ENTRY--TOPICAL TERM
Topical term or geographic name entry element Nursing Process
653 ## - INDEX TERM--UNCONTROLLED
Uncontrolled term პაციენტის მოვლა
653 ## - INDEX TERM--UNCONTROLLED
Uncontrolled term პაციენტის მოვლის სამედიცინო დოკუმენტაცია
698 ## - LOCAL SUBJECT ADDED ENTRY--MEETING NAME (RLIN)
Meeting name or jurisdiction name as entry element C2
700 1# - ADDED ENTRY--PERSONAL NAME
Personal name Heinemann, Denise Skelly
942 ## - ADDED ENTRY ELEMENTS (KOHA)
Source of classification or shelving scheme
Koha item type Books
Holdings
Withdrawn status Lost status Source of classification or shelving scheme Damaged status Not for loan Permanent location Current location Date acquired Inventory number Total Checkouts Full call number Barcode Date last seen Price effective from Koha item type
          Ken Walker International University Ken Walker International University 12/21/2020 2149   616-08 E-29 2149 12/21/2020 12/21/2020 Books

Powered by Koha